| 000 | 00355nam a22000977a 4500 | ||
|---|---|---|---|
| 008 | 211213b ||||| |||| 00| 0 eng d | ||
| 100 | _aHeinrich Kohler Auctions | ||
| 245 | _aBremen: Hannover PO, North German Dist. collection F. Meyer (Auct: Sept 23 2021) | ||
| 260 |
_aWiesbaden _bHeinrich Kohler Auctions _c2021 |
||
| 650 | _aBremen; old German States; Hannover | ||
| 999 |
_c3231 _d3231 |
||